1822 1159 1106 1868 1353 1335 1123 1833 1685 1048 1147 1599 1116 1810 1744 1567 1246 1810 1233 1915 1801 1582 1261 1994 1300 1300 1912 1205 1339 1696 1661 1648 1991 1259 1134 1809 1423 1859 1806 1630 1894 1553 1830 1833 1772 1251 1793 1339 1356 1005 1772 1425 1205 1878 1135 1116 1438 1834 1427 1436 1195 1632 1586 1772 1569 1433 1592 1535 1142 1809 1921 1305 1595 1626 1806 1220 1748 1990 1824 1276 1538 1734 1568 1928 1682 1987 1662 1961 1431 1278 1648 1238 1351 1730 1989 1568 1715 1657 1570 BCNSPRNW ULIB Ver.6.0+V

เปลี่ยนเป็นภาษาไทย

Change to English
 แสดงรายละเอียดบรรณานุกรม
  กลับหน้าหลัก

Brief Record : Get Marc (ISO 2709) : E-mail record : QR code < ปิดหน้าต่าง
LEADER : 00000nam 2200000uu 4500
001    13399107911
003     ULIB
008    110209s2546||||th 000 0 tha d
020    9741322569
060 04 WY161^bว528ก 2546
100 0  วิจิตรา กุสุมภ์
245 10 การพยาบาลผู้ป่วยที่มีบาดแผล =^bWound care for health professionals /^cวิจิตรา กุสุมภ์
246 31 Wound care for health professionals
250    พิมพ์ครั้งที่ 3 ฉบับปรับปรุงเพิ่มเติม
260    กรุงเทพฯ :^สำนักพิมพ์แห่งจุฬาลงกรณ์มหาวิทยาลัย,^c2546
300    104 หน้า :^bภาพประกอบ ;^c26 ซม.
504    บรรณานุกรมและดัชนี
650  7 บาดแผลและบาดเจ็บ^xการพยาบาล
650  7 ผู้ป่วย^xบาดแผลและบาดเจ็บ
710 2  วิทยาลัยพยาบาลเกื้อการุณย์
995    เกษร
999 ^a ใช้งานได้ทุกระบบ
รายการนี้ยังไม่มีแท็ก
คุณยังไม่ได้ล็อกอิน คุณสามารถมีกิจกรรมร่วมกับเว็บไซต์ได้ แต่ต้องล็อกอินก่อน ::
  ล็อกอิน

รายการสื่อสารสนเทศ

ลำดับที่ ประเภท เลขเรียก/บาร์โค้ด สถานที่ สถานะ
- ไม่พบข้อมูล -

รายการใกล้เคียง
    ผู้แต่ง [วิจิตรา กุสุมภ์]

BibComment


ยังไม่เคยถูกคอมเมนท์

คอมเมนท์ทรัพยากรรายการนี้
  คอมเมนท์: การพยาบาลผู้ป่วยท..


 Copyright 2026. Bcnsprnw @Library